Chutné, pohodlné... úspešné
Prieskum spotreby mrazených výrobkov - nanuky, zmrzlina, zelenina, ryby a iné. Postavenie trhu s mrazenými výrobkami v Európe.
Salvato in:
| Autore principale: | |
|---|---|
| Natura: | Capitolo di libro |
| Lingua: | slovacco |
| Soggetti: | |
| Tags: |
Nessun Tag, puoi essere il primo ad aggiungerne!!
|
MARC
| LEADER | 00000naa a2200000 4500 | ||
|---|---|---|---|
| 001 | r048406 | ||
| 005 | 20231002114917.4 | ||
| 041 | 0 | |a slo | |
| 044 | |a SK | ||
| 245 | 1 | 0 | |a Chutné, pohodlné... úspešné |c Vladimír Jureš |
| 520 | |a Prieskum spotreby mrazených výrobkov - nanuky, zmrzlina, zelenina, ryby a iné. Postavenie trhu s mrazenými výrobkami v Európe. | ||
| 610 | 2 | 0 | |a prieskum spotrebiteľský |
| 610 | 2 | 0 | |a potraviny mrazené |
| 610 | 2 | 0 | |a zelenina |
| 610 | 2 | 0 | |a spotrebitelia |
| 610 | 2 | 0 | |a Slovensko |
| 100 | 1 | |a Jureš, Vladimír | |